000 01771cam a22005534i 4500
003 PE-LiUPU
005 20250731170434.0
008 150623s r 000 0 d
035 _a(Sirsi) a29458
040 _aPE-LiUPU
_bspa
_cPE-LiUPU
_erda
082 0 4 _a133.4
_bT48
_221
100 1 _aThompson, R. Campbell,
_eautor.
245 1 4 _aThe devils and evil spirits of babylonia :
_bBeing babylonian and assyrian incantations against the demons, ghouls, vampires, hobgoblins, ghosts, and kindred evil spirits, which attack mankind /
_cTraducido por R. Campbell Thomson.
264 1 _aLondres :
_bLuzac and Co,
_c1903.
300 _a211 páginas.
_c22.5 centímetros.
336 _atext
_2rdacontent
337 _aunmediated
_2rdamedia
338 _avolume
_2rdacarrier
505 _aEvil Sprits -- Transliterations and translations
526 _aSEG68
526 _aSEG70
526 _aSEG69
526 _aSEG67
526 _aSEG43
526 _aP144
526 _aP143
526 _aP131
526 _aP122
526 _aP120
526 _aP117
526 _aP112
526 _aP110
526 _aP106
526 _aP101
526 _aP80
526 _aP59
526 _aP54
526 _aP35
526 _aP33
526 _aP30
650 1 4 _aEncantamientos Asirio-babilonios
_93973
650 2 4 _aAcadio (Lengua)
_93978
650 2 4 _aDemonología Asirio-babilónica
_93975
700 _aThompson, R. Campbell
_q(Reginald Campbell),
_d1876-1941,
_etraductor.
_93976
942 _2ddc
_cBK
949 _a291.21635 T48 1
_wDEWEY
_c1
_i37254
_lCCODEBUL1
_mBUL
_p00.00
_r0
_sY
_tBOOK
_u2015-06-24
_xBIBLIOTECA
_zUNKNOWN
_0COMPRA
_o.STAFF. Colección General
980 _81
_gALBERTO SANCHEZ Responsable de Automatización
999 _c36816
_d36816